[Event "EU-ch 12th"]
[Site "Aix les Bains"]
[Date "2011.03.31"]
[Round "9"]
[White "Webb, Matthew"]
[Black "Fauvel, Alexandre"]
[Result "1-0"]
[WhiteElo "2062"]
[BlackElo "1804"]
[PlyCount "85"]
[EventDate "2011.03.22"]
[EventType "swiss"]
[EventRounds "11"]
[EventCountry "FRA"]
[SourceTitle "CBM 142 Extra"]
[Source "ChessBase"]
[SourceDate "2011.06.27"]
[SourceVersion "1"]
[SourceVersionDate "2011.06.27"]
[SourceQuality "1"]

1. e4 c5 2. a3 Nc6 3. b4 cxb4 4. axb4 e6 5. b5 Nce7 6. d4 d5 7. e5 Nf5 8. c3 f6 9. g4 Nh4 10. f4 fxe5 11. fxe5 Ng6 12. Nf3 Be7 13. g5 Bf8 14. h4 N6e7 15. Ba3 Nf5 16. Bxf8 Kxf8 17. Bd3 Nge7 18. Qd2 Bd7 19. 0-0 Qe8 20. Na3 Qh5 21. Nc2 Kg8 22. Ne3 h6 23. Nxf5 Nxf5 24. Bxf5 exf5 25. Qa2 Be6 26. Qg2 Qg4 27. g6 Qe4 28. Rfe1 Qd3 29. Qe2 Qe4 30. Qf1 Qg4+ 31. Qg2 Kf8 32. Ra3 Bd7 33. e6 Qxg2+ 34. Kxg2 Bxb5 35. Ne5 Ke7 36. Kf3 Rhe8 37. c4 Bxc4 38. Kf4 Kf6 39. h5 Bb5 40. Rae3 Re7 41. Nf7 Rc8 42. Nd6 Rc4 43. Nxb5 1-0

[Event "FRA-ch op-B"]
[Site "Val d'Isere"]
[Date "2002.08.??"]
[Round "9.3"]
[White "Cantero, Jorge"]
[Black "Fauvel, Alexandre"]
[Result "1-0"]
[WhiteElo "1790"]
[BlackElo "1850"]
[PlyCount "61"]
[EventDate "2002.08.20"]
[EventType "swiss"]
[EventRounds "11"]
[EventCountry "FRA"]
[SourceTitle "EXT 2003"]
[Source "ChessBase"]
[SourceDate "2002.11.25"]
[SourceVersion "1"]
[SourceVersionDate "2002.11.25"]
[SourceQuality "1"]

1. e4 c5 2. Nf3 d6 3. d4 cxd4 4. Nxd4 Nf6 5. Nc3 a6 6. Bg5 e6 7. f4 Be7 8. Qf3 Qc7 9. 0-0-0 Nbd7 10. Be2 Rb8 11. g4 b5 12. Bxf6 Nxf6 13. g5 Nd7 14. f5 Bxg5+ 15. Kb1 Ne5 16. Qh5 Bf6 17. fxe6 g6 18. Nd5 Qd8 19. Qh6 fxe6 20. Nxf6+ Qxf6 21. Rhf1 Qe7 22. Rf2 Rb7 23. Nb3 Rc7 24. Qd2 Nf7 25. Rdf1 Ng5 26. h4 Nxe4 27. Qd4 Nxf2 28. Qxh8+ Kd7 29. Rxf2 Qxh4 30. Rf7+ Kc6 31. Qc3+ 1-0